UBT Library

The French Revolution and human rights : (Record no. 39031)

000 -LEADER
fixed length control field 01001cam a2200301 a 4500
001 - CONTROL NUMBER
control field 3982742
005 - DATE AND TIME OF LATEST TRANSACTION
control field 20171215082327.0
008 - FIXED-LENGTH DATA ELEMENTS--GENERAL INFORMATION
fixed length control field 951207s1996 maua b 001 0 eng d
010 ## - LIBRARY OF CONGRESS CONTROL NUMBER
LC control number 95083510
020 ## - INTERNATIONAL STANDARD BOOK NUMBER
International Standard Book Number 0312122497
020 ## - INTERNATIONAL STANDARD BOOK NUMBER
International Standard Book Number 0312108028 (pbk.)
035 ## - SYSTEM CONTROL NUMBER
System control number (MH)MHBHF36750HU
035 ## - SYSTEM CONTROL NUMBER
System control number (OCoLC)34725744
035 ## - SYSTEM CONTROL NUMBER
System control number (CStRLIN)MAHGBHF36750-B
040 ## - CATALOGING SOURCE
Original cataloging agency MH
Transcribing agency MH
Modifying agency CStRLIN
-- DLC
041 ## - LANGUAGE CODE
Language code of text/sound track or separate title eng
042 ## - AUTHENTICATION CODE
Authentication code lccopycat
043 ## - GEOGRAPHIC AREA CODE
Geographic area code e-fr---
080 ## - UNIVERSAL DECIMAL CLASSIFICATION NUMBER
Universal Decimal Classification number 323.094409033 HUN
082 00 - DEWEY DECIMAL CLASSIFICATION NUMBER
Classification number 323.094409033 HUN
Edition number 21
100 ## - Rafti
Rafti 17
101 ## - Shkurtesa
Shkurtesa HIS
245 04 - TITLE STATEMENT
Title The French Revolution and human rights :
Statement of responsibility, etc edited, translated, and with an introduction by Lynn Hunt.
504 ## - BIBLIOGRAPHY, ETC. NOTE
Bibliography, etc Includes bibliographical references (p. 146-147) and index.
906 ## - LOCAL DATA ELEMENT F, LDF (RLIN)
a 7
b cbc
c copycat
d 2
e opcn
f 19
g y-gencatlg
942 ## - ADDED ENTRY ELEMENTS (KOHA)
Source of classification or shelving scheme
Item type Books
Holdings
Withdrawn status Lost status Source of classification or shelving scheme Damaged status Not for loan Collection code Permanent location Current location Shelving location Date acquired Total Checkouts Full call number Barcode Date last seen Price effective from Koha item type
          Koleksioni i përgjithshem UBT - Lipjan UBT - Lipjan Koleksioni i përgjithshem 12/15/2017   323.094409033 HUN 002-2939437 12/15/2017 12/15/2017 Books
UBT Library © 2015-2024. All rights reserved University Education for Business and Technology